| 000 | 00622nam a22001937a 4500 | ||
|---|---|---|---|
| 999 |
_c175313 _d175313 |
||
| 005 | 20200824112026.0 | ||
| 010 | _aENG-128368 | ||
| 020 |
_c729.00 _a9789553438111 |
||
| 035 | _aEN-111900 | ||
| 037 | _bDBAD/PUB | ||
| 082 | _a004.105 | ||
| 100 | _aBrey,Barry B | ||
| 245 |
_aThe Intel Microprocessors/ _cby Barry B.Brey |
||
| 260 |
_aNoida _bPearson _c2020 |
||
| 270 |
_a15th floor,Tower-B,Word Trade Tower,Plot no.1,Block-C sec 16, _bNoida _e201301 _k04466540100 _mcompanysecretary.india@pearson.com |
||
| 300 |
_aViii;926p. _c25cm(pbk) |
||
| 500 | _aincludes index | ||
| 942 |
_2ddc _cEN _h004.105 _mBRE |
||